000 00286nam a2200121Ia 4500
999 _c6234
_d6234
020 _a9780471108979
082 _a658.15
100 _aAswath Damodaran
245 0 _aStudy Guide for Damodaran on Valuation
260 _aNew York
_bPrentice Hall Inc.
_c1994
300 _a220
942 _cBK